सावरकरांचे साहित्य चिंतन ( क.क्र.26/4 ) (Record no. 423660)

MARC details
000 -LEADER
fixed length control field 00676nam a2200169Ia 4500
008 - FIXED-LENGTH DATA ELEMENTS--GENERAL INFORMATION
fixed length control field 100122s9999 xx 000 0 und d
082 ## - DEWEY DECIMAL CLASSIFICATION NUMBER
Item number 43641
Classification number 801.95
100 ## - MAIN ENTRY--PERSONAL NAME
Personal name सावरकर विनायक दामोदर
245 ## - TITLE STATEMENT
Title सावरकरांचे साहित्य चिंतन ( क.क्र.26/4 )
250 ## - EDITION STATEMENT
Edition statement 0
260 ## - PUBLICATION, DISTRIBUTION, ETC. (IMPRINT)
Name of publisher, distributor, etc संजय दलाल
Date of publication, distribution, etc 1984
300 ## - PHYSICAL DESCRIPTION
Extent 140
630 ## - SUBJECT ADDED ENTRY--UNIFORM TITLE
Uniform title सावरकरांचे साहित्य चिंतन ( क.क्र.26/4 )
700 ## - ADDED ENTRY--PERSONAL NAME
Personal name गावडे
730 ## - ADDED ENTRY--UNIFORM TITLE
Uniform title सावरकरांचे साहित्य चिंतन ( क.क्र.26/4 )
942 ## - ADDED ENTRY ELEMENTS (KOHA)
Koha item type Book
Holdings
Withdrawn status Lost status Damaged status Not for loan Home library Current library Date acquired Cost, normal purchase price Total Checkouts Full call number Barcode Date last seen Cost, replacement price Price effective from Koha item type Public note
        S.V. Pathak Library, Vile Parle S.V. Pathak Library, Vile Parle 12/07/1990 30.00   43641 SVPPARLE-43641 01/25/2010 30.00 01/25/2010 Book General NA